| 000 | 00707nam a2200277Ia 4500 | ||
|---|---|---|---|
| 001 | 20726 | ||
| 005 | 20240114000528.0 | ||
| 007 | ta | ||
| 008 | 060225s1955 a g b000 u 465 u | ||
| 040 | _aCotton College,Assam | ||
| 041 | _a465 | ||
| 082 |
_a531.3 _bK 143 In |
||
| 100 | _aKar, K.C. . | ||
| 245 | 0 |
_aIntroduction to Theoretical Physics / _cK.C.Kar. _hTextual Documents |
|
| 250 | _a1st ed. / | ||
| 260 |
_aCalcutta : _bDas Gupta & Co. Ltd. , _c1955. |
||
| 300 |
_a242p. : _bill ; _c22cm . |
||
| 362 | _aVol.I- | ||
| 504 | _aIndex | ||
| 653 | _aTheoretical Physics | ||
| 653 | _aPhysics | ||
| 653 | _aG-Physics | ||
| 942 |
_2ddc _cBK |
||
| 999 |
_c20708 _d20708 |
||